[Event "BCF-chT2 2324 (4NCL)"]
[Site "England"]
[Date "2023.11.11"]
[Round "1.66"]
[White "Brewer, Callum D"]
[Black "Pert, Max P"]
[Result "1/2-1/2"]
[WhiteElo "2128"]
[BlackElo "1893"]
[PlyCount "31"]
[EventDate "2023.11.11"]
[EventType "team-tourn"]
[EventRounds "11"]
[EventCountry "ENG"]
[SourceTitle "CB46_2023"]
[SourceDate "2023.11.15"]
[SourceVersion "1"]
[SourceVersionDate "2023.11.15"]
[SourceQuality "1"]
[WhiteTeam "Sussex Martlets"]
[BlackTeam "Barbican"]
[WhiteTeamCountry "ENG"]
[BlackTeamCountry "ENG"]

1. e4 g6 2. d4 Bg7 3. Nc3 c6 4. f4 d5 5. e5 Nh6 6. Nf3 Bg4 7. Be3 Nf5 8. Be2 Qb6 9. Na4 Qa5+ 10. c3 Bxf3 11. gxf3 Nd7 12. Bd3 e6 13. b4 Qc7 14. Nb2 0-0 15. 0-0 a5 16. a3 1/2-1/2

[Event "GBR-ch Major op 109th"]
[Site "Leicester"]
[Date "2023.07.28"]
[Round "7"]
[White "Brewer, Callum D"]
[Black "Patel, Zain"]
[Result "1-0"]
[WhiteElo "2132"]
[BlackElo "1910"]
[PlyCount "41"]
[EventDate "2023.07.22"]
[EventType "swiss"]
[EventRounds "9"]
[EventCountry "ENG"]
[SourceTitle "EXT 2024"]
[Source "ChessBase"]
[SourceDate "2023.10.10"]
[SourceVersion "1"]
[SourceVersionDate "2023.10.10"]
[SourceQuality "1"]

1. e4 c6 2. d4 d5 3. f3 e6 4. Nc3 Bb4 5. Bd2 Bxc3 6. Bxc3 dxe4 7. Qe2 exf3 8. Nxf3 Nf6 9. 0-0-0 Qd5 10. Kb1 b5 11. g4 Qe4 12. Qf2 Nxg4 13. Qg3 Ne3 14. Bd3 Qg4 15. Qc7 Nd7 16. Qxc6 Nxd1 17. Bb4 Bb7 18. Qxb7 Rb8 19. Qc6 Ne3 20. Rg1 Qf4 21. Bd6 1-0

[Event "GBR-ch Major op 109th"]
[Site "Leicester"]
[Date "2023.07.26"]
[Round "5"]
[White "Brewer, Callum D"]
[Black "Dicen, Elis Denele"]
[Result "1-0"]
[WhiteElo "2132"]
[BlackElo "1925"]
[PlyCount "101"]
[EventDate "2023.07.22"]
[EventType "swiss"]
[EventRounds "9"]
[EventCountry "ENG"]
[SourceTitle "EXT 2024"]
[Source "ChessBase"]
[SourceDate "2023.10.10"]
[SourceVersion "1"]
[SourceVersionDate "2023.10.10"]
[SourceQuality "1"]

1. e4 c6 2. d4 d5 3. exd5 cxd5 4. Bd3 Nc6 5. c3 Nf6 6. Bf4 Bg4 7. Qb3 Qd7 8. Nd2 e6 9. Ngf3 Na5 10. Qb5 Nc6 11. 0-0 Be7 12. Qb3 0-0 13. Ne5 Nxe5 14. dxe5 Ne8 15. c4 Nc7 16. Qc2 g6 17. c5 Bf5 18. b4 a5 19. a3 Nb5 20. Nf3 Rfc8 21. Bxf5 exf5 22. Qb2 Nc7 23. Nd4 Ne6 24. Be3 Nxd4 25. Qxd4 Qe6 26. Rfd1 axb4 27. axb4 Rxa1 28. Rxa1 Qc6 29. Qd3 Qe6 30. Bd4 Bf8 31. f4 Bh6 32. g3 Bf8 33. Ra7 Qd7 34. Kg2 Be7 35. Bc3 Rd8 36. Bd4 Rc8 37. Qe2 Bf8 38. e6 fxe6 39. Qe5 Kf7 40. b5 Rc7 41. c6 Qc8 42. Qxc7+ Qxc7 43. Rxb7 Bd6 44. Be5 Bxe5 45. fxe5 Qxb7 46. cxb7 d4 47. b8Q d3 48. Qc7+ Kg8 49. b6 h6 50. b7 g5 51. b8Q# 1-0

[Event "GBR-ch 108th"]
[Site "Torquay"]
[Date "2022.08.14"]
[Round "2"]
[White "Claridge Hansen, William"]
[Black "Brewer, Callum D"]
[Result "1-0"]
[WhiteElo "2345"]
[BlackElo "2159"]
[PlyCount "125"]
[EventDate "2022.08.13"]
[EventType "swiss"]
[EventRounds "9"]
[EventCountry "ENG"]
[SourceTitle "CBM 209 Extra"]
[Source "ChessBase"]
[SourceDate "2022.09.30"]
[SourceVersion "1"]
[SourceVersionDate "2022.09.30"]
[SourceQuality "1"]

1. c4 e5 2. g3 Nf6 3. Bg2 c6 4. Nf3 e4 5. Nd4 d5 6. cxd5 Qxd5 7. Nc2 Na6 8. d3 Bh3 9. Bxh3 exd3 10. 0-0 dxc2 11. Qxc2 Nb4 12. Qd2 Qh5 13. Bg2 Bc5 14. Nc3 h6 15. Ne4 Nxe4 16. Bxe4 0-0 17. a3 Rad8 18. Qc3 Na6 19. Qf3 Qxf3 20. Bxf3 Bd4 21. Rb1 Nc7 22. b4 Nb5 23. Rb3 Bb6 24. e3 Nc7 25. a4 a6 26. Rd1 Rxd1+ 27. Bxd1 Rd8 28. Bc2 Ba7 29. Kf1 f6 30. Ke2 Kf7 31. Bd2 Ke7 32. h4 Rd5 33. Be4 Rd7 34. Bc1 Kd8 35. Bb2 Re7 36. Bf5 Ne8 37. b5 axb5 38. axb5 Nd6 39. Bd3 Nxb5 40. Bxb5 cxb5 41. Rxb5 Kc7 42. Ra5 Bb6 43. Ra8 Bc5 44. Ra5 Bb6 45. Rf5 Kc6 46. g4 Bc7 47. g5 hxg5 48. hxg5 Be5 49. Ba3 Re6 50. gxf6 gxf6 51. Kd3 b6 52. f4 Bd6 53. Bb2 Be7 54. Bd4 Bd8 55. Kc4 Be7 56. Rb5 Bd8 57. Rf5 Be7 58. Rd5 Rd6 59. Rxd6+ Kxd6 60. Bxb6 f5 61. Bc5+ Ke6 62. Bxe7 Kxe7 63. Kd5 1-0

[Event "Dublin Gonzaga Masters"]
[Site "Dublin"]
[Date "2020.01.26"]
[Round "5"]
[White "Brewer, Callum D"]
[Black "O'Gorman, Alice"]
[Result "1-0"]
[WhiteElo "2134"]
[BlackElo "1906"]
[PlyCount "155"]
[EventDate "2020.01.24"]
[EventType "swiss"]
[EventRounds "5"]
[EventCountry "IRL"]
[SourceTitle "CBM 194"]
[Source "ChessBase"]
[SourceDate "2020.01.27"]
[SourceVersion "1"]
[SourceVersionDate "2020.01.27"]
[SourceQuality "1"]

1. d4 d5 2. c4 e6 3. Nc3 Nf6 4. cxd5 exd5 5. Bg5 Be7 6. e3 c6 7. Bd3 Nbd7 8. Qc2 Nh5 9. Bxe7 Qxe7 10. Nge2 g6 11. 0-0 0-0 12. a3 Ndf6 13. Rfe1 Ng7 14. Ng3 h5 15. f3 h4 16. Nf1 c5 17. dxc5 Qxc5 18. Qf2 Bf5 19. Red1 Rad8 20. Rac1 Bxd3 21. Rxd3 Nf5 22. Rcd1 Rfe8 23. e4 Qxf2+ 24. Kxf2 Ne7 25. Ne3 Rc8 26. exd5 Nd7 27. Rd4 a6 28. Rxh4 Red8 29. Rhd4 Kg7 30. h4 Ng8 31. Rh1 Ngf6 32. g4 Nb6 33. Rhd1 Nbd7 34. Ne2 Ne8 35. Ng3 Nd6 36. h5 Re8 37. f4 Nb6 38. Kf3 Nbc4 39. Nxc4 Rxc4 40. Rxc4 Nxc4 41. hxg6 fxg6 42. Rd4 b5 43. a4 Nxb2 44. axb5 axb5 45. Rb4 Nd3 46. Rb3 Ne1+ 47. Kf2 b4 48. Ne2 Nc2 49. Rb2 Ne3 50. Rxb4 Nxd5 51. Rd4 Nf6 52. g5 Ng8 53. Nc3 Re7 54. Ne4 Ra7 55. Nc5 Ne7 56. Kf3 Nf5 57. Rd7+ Rxd7 58. Nxd7 Nd6 59. Ke3 Nf5+ 60. Ke4 Nh4 61. Ne5 Nf5 62. Kd5 Nh4 63. Ke6 Ng2 64. Nd3 Nh4 65. Ne1 Nf5 66. Nf3 Ng3 67. Nd4 Nh5 68. Ne2 Kh7 69. Kf7 Ng7 70. Nd4 Nh5 71. Ne6 Ng3 72. Nf8+ Kh8 73. Nxg6+ Kh7 74. Ne7 Nh5 75. f5 Kh8 76. f6 Nf4 77. g6 Nxg6 78. Nxg6+ 1-0

[Event "GBR-ch 106th"]
[Site "Torquay"]
[Date "2019.07.28"]
[Round "2"]
[White "Bradbury, Neil H"]
[Black "Brewer, Callum D"]
[Result "1/2-1/2"]
[WhiteElo "2322"]
[BlackElo "2086"]
[PlyCount "75"]
[EventDate "2019.07.27"]
[EventType "swiss"]
[EventRounds "9"]
[EventCountry "ENG"]
[SourceTitle "CBM 191 Extra"]
[Source "ChessBase"]
[SourceDate "2019.09.30"]
[SourceVersion "1"]
[SourceVersionDate "2019.09.30"]
[SourceQuality "1"]

1. d4 Nf6 2. c4 e6 3. Nf3 d5 4. g3 Be7 5. Bg2 0-0 6. 0-0 dxc4 7. Nc3 c5 8. dxc5 Nc6 9. Qa4 Qa5 10. Qxc4 Qxc5 11. Qb3 e5 12. Be3 Qb4 13. Qxb4 Bxb4 14. a3 Bxc3 15. bxc3 Nd5 16. Bc5 Re8 17. Rfc1 Bf5 18. Nd2 e4 19. Nc4 b6 20. Bd4 Rad8 21. a4 Bc8 22. e3 Ba6 23. Bf1 Bxc4 24. Bxc4 Na5 25. Bb5 Nb3 26. Bxe8 Rxe8 27. c4 Nxc1 28. Rxc1 Nb4 29. a5 bxa5 30. Bxa7 Rc8 31. Bd4 Nd3 32. Rc3 f5 33. f3 a4 34. fxe4 fxe4 35. c5 Rc7 36. Rc4 a3 37. Ra4 Nxc5 38. Rxa3 1/2-1/2

[Event "Wch U18"]
[Site "Porto Carras"]
[Date "2018.10.29"]
[Round "10.34"]
[White "Bratkovic, Jakob"]
[Black "Brewer, Callum D"]
[Result "0-1"]
[WhiteElo "2242"]
[BlackElo "2056"]
[PlyCount "56"]
[EventDate "2018.10.20"]
[EventType "swiss"]
[EventRounds "11"]
[EventCountry "GRE"]
[SourceTitle "CBM 187 Extra"]
[Source "ChessBase"]
[SourceDate "2018.11.04"]
[SourceVersion "1"]
[SourceVersionDate "2018.11.04"]
[SourceQuality "1"]

1. e4 c5 2. Nf3 Nc6 3. c3 Nf6 4. e5 Nd5 5. d4 cxd4 6. cxd4 d6 7. Bc4 Nb6 8. Bd3 Bg4 9. Be3 dxe5 10. dxe5 Bxf3 11. gxf3 Nxe5 12. Bb5+ Nc6 13. Nc3 e6 14. Qb3 Be7 15. Rd1 Qc7 16. Be2 Bb4 17. 0-0 Bxc3 18. bxc3 0-0 19. Rb1 Nd5 20. Qxb7 Qxb7 21. Rxb7 Nxc3 22. Bb5 Nd8 23. Rc1 Nxa2 24. Rxa7 Rxa7 25. Ra1 Rb7 26. Ba6 Rb2 27. Bc4 Nc3 28. Bc5 Rb1+ 0-1

[Event "Wch U18"]
[Site "Porto Carras"]
[Date "2018.10.22"]
[Round "4"]
[White "Brewer, Callum D"]
[Black "Pantzar, Milton"]
[Result "0-1"]
[WhiteElo "2056"]
[BlackElo "2326"]
[PlyCount "58"]
[EventDate "2018.10.20"]
[EventType "swiss"]
[EventRounds "11"]
[EventCountry "GRE"]
[SourceTitle "CBM 187 Extra"]
[Source "ChessBase"]
[SourceDate "2018.11.04"]
[SourceVersion "1"]
[SourceVersionDate "2018.11.04"]
[SourceQuality "1"]

1. e4 Nc6 2. Nf3 d6 3. h3 Nf6 4. Nc3 g6 5. d4 Bg7 6. Be3 0-0 7. Qd2 a6 8. 0-0-0 b5 9. e5 dxe5 10. Nxe5 Bb7 11. Bh6 Qxd4 12. Nd3 Rad8 13. Be3 Qd7 14. Nc5 Qxd2+ 15. Rxd2 Rxd2 16. Bxd2 Bc8 17. a4 b4 18. Nd1 a5 19. g4 Nd4 20. Bg2 Nd7 21. Nxd7 Bxd7 22. b3 Be6 23. Ne3 Rd8 24. Re1 Bxb3 25. Bxb4 axb4 26. cxb3 Nxb3+ 27. Kc2 Nc5 28. Nd5 b3+ 29. Kb1 Nxa4 0-1

[Event "Wch U18"]
[Site "Porto Carras"]
[Date "2018.10.21"]
[Round "3"]
[White "Alexiadis, Hristos"]
[Black "Brewer, Callum D"]
[Result "1/2-1/2"]
[WhiteElo "2263"]
[BlackElo "2056"]
[PlyCount "81"]
[EventDate "2018.10.20"]
[EventType "swiss"]
[EventRounds "11"]
[EventCountry "GRE"]
[SourceTitle "CBM 187 Extra"]
[Source "ChessBase"]
[SourceDate "2018.11.04"]
[SourceVersion "1"]
[SourceVersionDate "2018.11.04"]
[SourceQuality "1"]

1. d4 Nf6 2. c4 b6 3. Nc3 Bb7 4. f3 d5 5. cxd5 Nxd5 6. e4 Nxc3 7. bxc3 e5 8. Be3 Nd7 9. Bc4 Qe7 10. Qd2 g6 11. Ne2 Bg7 12. 0-0 0-0 13. Rad1 Rad8 14. Qc2 Kh8 15. Bf2 exd4 16. cxd4 c5 17. dxc5 Nxc5 18. Nf4 Be5 19. Nd5 Bxd5 20. Bxd5 Rc8 21. Qd2 Na4 22. Bb3 Rfd8 23. Qh6 Nc3 24. Rxd8+ Rxd8 25. g3 Kg8 26. Kg2 Ne2 27. Qe3 Nd4 28. Bd5 Ne6 29. Qb3 Nc7 30. Bc4 b5 31. Bd3 Bd4 32. Be1 a6 33. Ba5 Rd7 34. Rc1 Ne6 35. Rc8+ Kg7 36. Bf1 Qg5 37. h4 Nf4+ 38. Kh2 Bg1+ 39. Kxg1 Qxg3+ 40. Kh1 Qxh4+ 41. Kg1 1/2-1/2

[Event "GBR-ch Major 105th"]
[Site "Hull"]
[Date "2018.08.05"]
[Round "9"]
[White "Brewer, Callum D"]
[Black "Hubbard, Michael"]
[Result "1-0"]
[WhiteElo "2064"]
[BlackElo "1888"]
[PlyCount "45"]
[EventDate "2018.07.28"]
[EventType "swiss"]
[EventRounds "9"]
[EventCountry "ENG"]
[SourceTitle "EXT 2019"]
[Source "ChessBase"]
[SourceDate "2018.10.10"]
[SourceVersion "1"]
[SourceVersionDate "2018.10.10"]
[SourceQuality "1"]

1. e4 d6 2. d4 Nf6 3. Nc3 c6 4. f4 Qa5 5. Bd3 e5 6. Nf3 exd4 7. Nxd4 g6 8. Be3 Bg7 9. h3 0-0 10. Qf3 Nbd7 11. 0-0-0 Nc5 12. Kb1 Bd7 13. g4 Na4 14. Nxa4 Qxa4 15. f5 Ne8 16. c3 c5 17. Bc2 Qa6 18. Ne2 Qc6 19. Nf4 gxf5 20. gxf5 Nf6 21. Nd5 Rfe8 22. Rhg1 Nxd5 23. Qg3 1-0

[Event "GBR-ch Major 105th"]
[Site "Hull"]
[Date "2018.07.30"]
[Round "3"]
[White "Brewer, Callum D"]
[Black "Volovich, Julia"]
[Result "1-0"]
[WhiteElo "2064"]
[BlackElo "1651"]
[PlyCount "67"]
[EventDate "2018.07.28"]
[EventType "swiss"]
[EventRounds "9"]
[EventCountry "ENG"]
[SourceTitle "CBM 185 Extra"]
[Source "ChessBase"]
[SourceDate "2018.07.29"]
[SourceVersion "1"]
[SourceVersionDate "2018.07.29"]
[SourceQuality "1"]

1. e4 e6 2. d4 d5 3. Nc3 dxe4 4. Nxe4 Nd7 5. g3 Ngf6 6. Nxf6+ Nxf6 7. Bg2 c5 8. Nf3 cxd4 9. Qxd4 Qxd4 10. Nxd4 Bc5 11. Nb3 Bb6 12. 0-0 0-0 13. c4 Bc7 14. Be3 a5 15. Rfd1 Bd7 16. Bxb7 Rab8 17. Nc5 Rfd8 18. Bf3 Be5 19. Bd4 Bxd4 20. Rxd4 e5 21. Nxd7 exd4 22. Nxb8 Rxb8 23. Rd1 Rd8 24. Bd5 Rb8 25. Rxd4 Rxb2 26. Bc6 Kf8 27. a4 Rb8 28. Bb5 Ke7 29. Kg2 Rb6 30. c5 Re6 31. c6 Re5 32. Rc4 Re4 33. Rc2 Nd5 34. c7 1-0

[Event "London Classic rapid op"]
[Site "London"]
[Date "2017.12.09"]
[Round "5.18"]
[White "Brewer, Callum D"]
[Black "Crocker, Philip J"]
[Result "1-0"]
[WhiteElo "2021"]
[BlackElo "2090"]
[PlyCount "53"]
[EventDate "2017.12.09"]
[EventType "swiss (rapid)"]
[EventRounds "6"]
[EventCountry "ENG"]
[SourceTitle "CBM 182 Extra"]
[Source "ChessBase"]
[SourceDate "2018.02.23"]
[SourceVersion "1"]
[SourceVersionDate "2018.02.23"]
[SourceQuality "1"]

1. e4 Nf6 2. e5 Nd5 3. d4 d6 4. c4 Nb6 5. exd6 cxd6 6. Nc3 g6 7. Be3 Bg7 8. Rc1 0-0 9. b3 Bf5 10. Bd3 Bxd3 11. Qxd3 d5 12. c5 Nc8 13. Qb5 b6 14. c6 e6 15. c7 Qxc7 16. Nxd5 Qd7 17. Qxd7 Nxd7 18. Rc7 exd5 19. Rxd7 Re8 20. Ne2 Ne7 21. Kd2 Nc6 22. Rc1 Re7 23. Rxd5 Nb4 24. Rb5 a5 25. a3 Na6 26. Rxb6 Rd7 27. Rxa6 1-0

[Event "London Classic rapid op"]
[Site "London"]
[Date "2017.12.09"]
[Round "6.18"]
[White "Eames, Robert"]
[Black "Brewer, Callum D"]
[Result "1/2-1/2"]
[WhiteElo "2159"]
[BlackElo "2021"]
[PlyCount "58"]
[EventDate "2017.12.09"]
[EventType "swiss (rapid)"]
[EventRounds "6"]
[EventCountry "ENG"]
[SourceTitle "CBM 182 Extra"]
[Source "ChessBase"]
[SourceDate "2018.02.23"]
[SourceVersion "1"]
[SourceVersionDate "2018.02.23"]
[SourceQuality "1"]

1. Nf3 Nf6 2. c4 e6 3. Nc3 d5 4. d4 Bb4 5. cxd5 exd5 6. Qa4+ Nc6 7. Bg5 0-0 8. e3 h6 9. Bxf6 Qxf6 10. Be2 Be6 11. 0-0 a6 12. Qc2 Bd6 13. a3 Bf5 14. Qb3 Be4 15. Nxe4 dxe4 16. Nd2 Qg6 17. g3 Rab8 18. Qd5 Rfe8 19. Bh5 Qe6 20. Qxe6 Rxe6 21. d5 Re5 22. dxc6 Rxh5 23. Nxe4 bxc6 24. b4 a5 25. Rac1 axb4 26. axb4 Rxb4 27. Nxd6 cxd6 28. Rxc6 Rd5 29. Rfc1 Kh7 1/2-1/2

[Event "BCF-chT2a 1718 (4NCL)"]
[Site "England"]
[Date "2017.11.12"]
[Round "2.17"]
[White "Brewer, Callum D"]
[Black "Fabri, Henrik"]
[Result "1/2-1/2"]
[WhiteElo "2140"]
[BlackElo "1926"]
[PlyCount "112"]
[EventDate "2017.11.11"]
[EventType "team-tourn"]
[EventRounds "7"]
[EventCountry "ENG"]
[SourceTitle "EXT 2020"]
[Source "ChessBase"]
[SourceDate "2019.10.17"]
[SourceVersion "1"]
[SourceVersionDate "2019.10.17"]
[SourceQuality "1"]
[WhiteTeam "Sussex Martlets"]
[BlackTeam "Manx Liberty"]
[WhiteTeamCountry "ENG"]
[BlackTeamCountry "ENG"]

1. e4 e5 2. Nf3 Nc6 3. d4 exd4 4. Nxd4 Nf6 5. Nc3 Bb4 6. Nxc6 bxc6 7. Bd3 0-0 8. 0-0 d5 9. exd5 cxd5 10. Bg5 c6 11. Qf3 Be7 12. Rae1 Re8 13. Ne2 Ne4 14. Bxe7 Rxe7 15. Nd4 Qe8 16. Bxe4 dxe4 17. Qa3 c5 18. Nb3 c4 19. Nd4 c3 20. Qxc3 Ba6 21. Nf5 f6 22. Nxe7+ Qxe7 23. Qc6 Bb7 24. Qc4+ Kh8 25. Re3 f5 26. f4 Re8 27. Qb3 Rd8 28. Rfe1 h6 29. Qa3 Qc7 30. Qc3 Qb6 31. Kh1 Rd7 32. Qe5 Qxe3 33. Rg1 Rd5 34. Qb8+ Kh7 35. Qxb7 Rd2 36. Qc7 Qd4 37. Qf7 Qc5 38. b4 Qd5 39. Qxd5 Rxd5 40. Re1 Rd2 41. Kg1 Kg8 42. c4 Kf8 43. c5 Ke7 44. a4 Rd4 45. Rb1 Rc4 46. a5 a6 47. Kf2 Rc2+ 48. Kf1 g5 49. fxg5 hxg5 50. Rd1 Rb2 51. Rd4 Ke6 52. Rc4 Kd7 53. c6+ Kc7 54. h3 Rb1+ 55. Kf2 Rb2+ 56. Kf1 Rb1+ 1/2-1/2

[Event "BCF-chT2a 1718 (4NCL)"]
[Site "England"]
[Date "2017.11.11"]
[Round "1.21"]
[White "Chow, Samuel"]
[Black "Brewer, Callum D"]
[Result "1/2-1/2"]
[WhiteElo "2327"]
[BlackElo "2140"]
[PlyCount "71"]
[EventDate "2017.11.11"]
[EventType "team-tourn"]
[EventRounds "7"]
[EventCountry "ENG"]
[SourceTitle "EXT 2020"]
[Source "ChessBase"]
[SourceDate "2019.10.17"]
[SourceVersion "1"]
[SourceVersionDate "2019.10.17"]
[SourceQuality "1"]
[WhiteTeam "White Rose II"]
[BlackTeam "Sussex Martlets"]
[WhiteTeamCountry "ENG"]
[BlackTeamCountry "ENG"]

1. d4 Nf6 2. c4 e6 3. g3 d5 4. Nf3 Be7 5. Bg2 0-0 6. 0-0 dxc4 7. Ne5 Nc6 8. Bxc6 bxc6 9. Nxc6 Qe8 10. Nxe7+ Qxe7 11. Qc2 e5 12. Rd1 exd4 13. Rxd4 Be6 14. Nc3 Rfd8 15. Rxd8+ Rxd8 16. Bg5 h6 17. Bxf6 Qxf6 18. Rd1 Rd4 19. Rxd4 Qxd4 20. Qd1 Qxd1+ 21. Nxd1 f5 22. f4 Kf7 23. Kf2 Ke7 24. e4 Kd6 25. Ke3 Kc5 26. Nc3 a5 27. Ne2 fxe4 28. Kxe4 Bf7 29. a3 c3 30. Nxc3 Kc4 31. Nd1 Kb3 32. Kd3 Bh5 33. Ne3 Bf7 34. Nd1 Bh5 35. Ne3 Bf7 36. Nd1 1/2-1/2

[Event "GBR-ch 104th"]
[Site "Llandudno"]
[Date "2017.08.03"]
[Round "6"]
[White "Brewer, Callum D"]
[Black "Okhai, Shabir"]
[Result "1-0"]
[WhiteElo "2015"]
[BlackElo "2111"]
[PlyCount "101"]
[EventDate "2017.07.29"]
[EventType "swiss"]
[EventRounds "9"]
[EventCountry "WLS"]
[SourceTitle "CBM 179 Extra"]
[Source "ChessBase"]
[SourceDate "2017.08.23"]
[SourceVersion "1"]
[SourceVersionDate "2017.08.23"]
[SourceQuality "1"]

1. e4 e5 2. Nf3 Nc6 3. Nc3 Nf6 4. d4 exd4 5. Nxd4 Bb4 6. Nxc6 bxc6 7. Bd3 d6 8. Bg5 h6 9. Bh4 a5 10. 0-0 Bxc3 11. bxc3 g5 12. Bg3 Nd7 13. f4 Nc5 14. Bc4 Be6 15. Bxe6 Nxe6 16. f5 Nc5 17. Qd4 f6 18. e5 fxe5 19. Bxe5 0-0 20. Qc4+ Rf7 21. Bd4 Qe8 22. Bxc5 dxc5 23. Qxc5 Qe4 24. Rae1 Qd5 25. Re5 Qxa2 26. Qxc6 Raf8 27. Qxh6 Qxc2 28. f6 Qh7 29. Rxg5+ Kh8 30. Qxh7+ Kxh7 31. Rxa5 Rxf6 32. Rxf6 Rxf6 33. Rc5 c6 34. g4 Rg6 35. h3 Re6 36. Kf2 Kg7 37. Kg3 Rf6 38. g5 Rd6 39. h4 Re6 40. h5 Kf7 41. Kf4 Rd6 42. Kf5 Ke7 43. h6 Kf7 44. c4 Kg8 45. g6 Kh8 46. Re5 Rd8 47. Re7 Rc8 48. Ke6 Kg8 49. Kd7 Rf8 50. Re8 Kh8 51. Rxf8# 1-0

[Event "GBR-ch 104th"]
[Site "Llandudno"]
[Date "2017.07.31"]
[Round "3"]
[White "Horton, Jamie A"]
[Black "Brewer, Callum D"]
[Result "1-0"]
[WhiteElo "2178"]
[BlackElo "2015"]
[PlyCount "105"]
[EventDate "2017.07.29"]
[EventType "swiss"]
[EventRounds "9"]
[EventCountry "WLS"]
[SourceTitle "CBM 179 Extra"]
[Source "ChessBase"]
[SourceDate "2017.08.23"]
[SourceVersion "1"]
[SourceVersionDate "2017.08.23"]
[SourceQuality "1"]

1. e4 c6 2. d4 d5 3. Nc3 dxe4 4. Nxe4 Nd7 5. Ng5 Ngf6 6. Bd3 e6 7. N1f3 Bd6 8. Qe2 h6 9. Ne4 Nxe4 10. Qxe4 Qc7 11. 0-0 b6 12. Qg4 Kf8 13. b3 Bb7 14. Re1 Nf6 15. Qh3 Nd5 16. c4 Nf4 17. Bxf4 Bxf4 18. c5 Qe7 19. b4 Rd8 20. Rad1 g5 21. Bc4 Qf6 22. g3 Bc7 23. Qg4 Ke7 24. Qe4 Rhg8 25. b5 Qg6 26. Qxg6 Rxg6 27. bxc6 Bxc6 28. d5 Ba4 29. d6+ Bxd6 30. cxd6+ Rxd6 31. Rxd6 Kxd6 32. Rc1 Rg8 33. Be2 Rd8 34. Kf1 Rd7 35. Ke1 f6 36. Nd4 Ke5 37. Nb5 Rb7 38. Rc7 Rxc7 39. Nxc7 Bc6 40. Kd2 a5 41. Ke3 Kf5 42. Nb5 e5 43. Nd6+ Ke6 44. Nc4 f5 45. Nxb6 f4+ 46. Kd2 Kf5 47. Nc4 a4 48. a3 f3 49. Bd3+ e4 50. Bf1 h5 51. Ke3 Ke6 52. Kd4 g4 53. Ne3 1-0